Govt. of
Madhya Pradesh

Kashmir under The Hindu Rajas (Record no. 42636)

MARC details
000 -LEADER
fixed length control field 004400000a22001810004500
003 - CONTROL NUMBER IDENTIFIER
control field MACL
005 - DATE AND TIME OF LATEST TRANSACTION
control field 20150930173219.0
008 - FIXED-LENGTH DATA ELEMENTS--GENERAL INFORMATION
fixed length control field 150930b xxu||||| |||| 00| 0 eng d
040 ## - CATALOGING SOURCE
Original cataloging agency MACL
Transcribing agency MACL
041 ## - LANGUAGE CODE
Language code of text/sound track or separate title English
082 ## - DEWEY DECIMAL CLASSIFICATION NUMBER
Classification number 900/AHM
100 ## - MAIN ENTRY--PERSONAL NAME
Personal name Ahmad, Iqbal
9 (RLIN) 13042
245 ## - TITLE STATEMENT
Title Kashmir under The Hindu Rajas
260 ## - PUBLICATION, DISTRIBUTION, ETC. (IMPRINT)
Name of publisher, distributor, etc. Gulshan Books
Date of publication, distribution, etc. 2007
Place of publication, distribution, etc. Kashmir
350 ## - PRICE (NR) (BK AM CF MU VM SE) [OBSOLETE]
Price 450
650 ## - SUBJECT ADDED ENTRY--TOPICAL TERM
Topical term or geographic name as entry element History
9 (RLIN) 13043
942 ## - ADDED ENTRY ELEMENTS (KOHA)
Koha item type Books
Call number prefix 900/AHM
Source of classification or shelving scheme
Holdings
Withdrawn status Lost status Source of classification or shelving scheme Damaged status Not for loan Home library Current library Date acquired Cost, normal purchase price Total Checkouts Full call number Barcode Date last seen Date last checked out Uniform Resource Identifier Price effective from Koha item type
          MACL MACL 15/04/2015 450.00 1 900/AHM CRE023772 02/05/2024 03/03/2019 42914 15/04/2015 Books